[Event "9th HDBank Open 2019"]
[Site "Ho Chi Minh City"]
[Date "2019.03.13"]
[Round "9.23"]
[White "Taher, Yoseph Theolifus"]
[Black "Pham, Chuong"]
[Result "1-0"]
[WhiteElo "2446"]
[BlackElo "2383"]
[Annotator "TA"]
[PlyCount "142"]
[EventDate "2019.03.07"]
[EventType "swiss"]
[EventCountry "VIE"]
[SourceTitle "playchess.com"]
[Source "ChessBase"]
[SourceQuality "1"]

{[%evp 9,142,0,2,0,0,-3,-8,-26,-19,-25,-20,-21,5,11,18,4,68,61,72,70,79,71,73,72,152,96,165,164,179,164,165,114,116,99,108,91,92,107,96,103,101,112,113,98,118,125,120,112,82,96,56,66,59,48,82,12,12,12,12,11,24,0,0,0,0,0,270,271,271,271,266,270,270,264,289,208,248,156,209,73,228,228,228,228,228,186,186,186,228,228,228,228,466,461,461,379,1084,743,675,403,1124,1394,987,916,874,583,29958,487,29961,29958,29962,29961,29966,29967,29967,29969,29968,29968,29967,29969,29969,29969,29969,29970,29970,29971,29971,29972,29972,29973,29972,29973,29972,29972,29969]} 1. e4 c5 2. Nc3 Nc6 3. Bb5 e6 4. Bxc6 bxc6 5. e5 (5. d3 Ne7 6. f4 d5 7. Nf3 Ng6 8. b3 Bd6 9. e5 Be7 10. O-O O-O 11. Na4 f6 12. c4 fxe5 13. fxe5 {0-1 (37) Grischuk,A (2772)-Korobov,A (2652) Huaian 2017}) 5... Ne7 6. Nf3 {B23: Closed Sicilian: Lines without g3} Ng6 7. d3 Be7 8. h4 {The position is equal.} Qc7 9. Qe2 f6 10. exf6 Bxf6 $146 ({Predecessor:} 10... gxf6 11. h5 Nf8 12. Bh6 Rg8 13. g3 d5 {1-0 (33) Cao,S (2488)-Ton That Nhu,T (2235) Da Lat 2014}) 11. Ne4 Be7 12. g3 e5 (12... h6 $11) 13. h5 $14 Nf8 14. h6 $36 {[%mdl 2048] White has the initiative.} g6 $1 15. Bg5 {Hoping for Nf6+.} d6 16. Bf6 Rg8 ({Black should play} 16... Bxf6 17. Nxf6+ Kd8) 17. O-O-O (17. Bxe7 $142 Qxe7 18. d4) 17... Bf5 (17... Ne6 $16) 18. Bxe7 $18 Qxe7 19. d4 $1 {[%cal Rd4e5]} cxd4 {[#]} 20. Nxd4 $1 {[%mdl 512]} exd4 $16 21. Nf6+ $1 {[%mdl 64] Double Attack} Kf7 22. Qxe7+ Kxe7 23. Nxg8+ Kf7 24. Rxd4 d5 25. Re1 $1 {And now Ne7 would win.} ({Don't play} 25. g4 $6 Bd7 $11) 25... Ne6 26. Rb4 Rxg8 27. Rb7+ Kf6 28. Rxh7 a5 29. Ra7 Rh8 30. h7 Be4 31. a4 {[%cal Ba2a4,Ba4a5,Ba5a6,Ba6a7][%mdl 32]} g5 32. Rxa5 (32. b4 $1 $16) 32... Rxh7 $11 33. Ra6 Rc7 34. b4 g4 35. Rb6 Ke5 36. a5 Nd4 37. a6 {Black must now prevent Rb7.} Rf7 $2 {[%mdl 8192]} (37... Ra7 $11) 38. Rb7 $1 $18 {[%cal Rb7f7]} Rf8 {[#]} ({Not} 38... Rxf2 $2 39. Rxe4+ $1 {[%mdl 512]} dxe4 40. a7 $18) 39. a7 $1 Ra8 {and if ...Nb5 works, Black does fine.} 40. Kb2 Nb5 41. Ra1 Kd6 42. Rg7 Bf3 43. c3 Nc7 (43... Be2 $16 44. Kc2 Bc4) 44. Re1 (44. Kc1 $18 {and White stays clearly on top.}) 44... Rxa7 $2 (44... Be4 $16) 45. Ree7 {Threatens to win with Rd7+.} c5 {[#]} 46. b5 $1 {[%mdl 512]} Rb7 {[#]} (46... Nxb5 47. Rxa7) 47. c4 $1 {[%mdl 512]} dxc4 48. Rd7+ Ke6 49. Rxc7 Rxb5+ {[%mdl 4096] Endgame KRR-KRB} 50. Kc3 Rb3+ $2 (50... Be2 {might work better.} 51. Rce7+ Kf6 52. Rgf7+ Kg6) 51. Kxc4 Rb2 52. Rxc5 Rxf2 $2 (52... Kf6) 53. Rg6+ Kf7 54. Rb6 {White wants to mate with Rc7+.} Rc2+ (54... Ke8 $142 55. Rh5 Rd2 56. Rh8+ Kf7 57. Rh7+ Kg8) 55. Kd4 Rd2+ 56. Ke5 {Threatening mate with Rc7+.} Rd7 57. Kf5 Kg7 58. Kg5 (58. Ke6 $142 Ra7 59. Rg5+ Kh8 60. Kf6 Ra8 61. Re6 Rc8 62. Kg6 Bd1 63. Kh5) 58... Ra7 (58... Re7 $18 59. Rf5 Be4) 59. Kh5 {White mates.} Re7 60. Rg5+ Kf7 61. Kh6 Re6+ 62. Rxe6 Kxe6 {KR-KB} 63. Ra5 Kf6 64. Ra4 Kf7 65. Rf4+ Kg8 66. Kg6 Be2 67. Rd4 {[%cal Rd4d8]} Kf8 68. Kh7 Bf3 69. Rf4+ Ke7 70. Kg6 Ke6 71. Kg5 Kd5 {Accuracy: White = 68%, Black = 49%.} 1-0

[Event "9th HDBank Open 2019"]
[Site "Ho Chi Minh City"]
[Date "2019.03.13"]
[Round "9.24"]
[White "Chu, Wei Chao"]
[Black "Laylo, Darwin"]
[Result "1-0"]
[WhiteElo "2373"]
[BlackElo "2430"]
[Annotator "TA"]
[PlyCount "63"]
[EventDate "2019.03.07"]
[EventType "swiss"]
[EventCountry "VIE"]
[SourceTitle "playchess.com"]
[Source "ChessBase"]
[SourceQuality "1"]

{[%evp 22,63,33,31,44,35,65,35,55,33,28,33,73,64,130,128,112,85,125,126,153,40,38,35,37,10,1,12,132,129,174,188,187,170,180,192,245,242,482,457,470,452,1635,1606]} 1. d4 Nf6 2. c4 g6 3. Nc3 d5 4. cxd5 Nxd5 5. e4 Nxc3 6. bxc3 Bg7 7. Nf3 O-O 8. Be2 c5 9. O-O b6 10. Bg5 Bb7 11. Qd3 cxd4 12. cxd4 Nc6 {[%cal Rc6d4] D85: Exchange Grünfeld: Unusual White 7th moves and lines with 7 Nf3} 13. d5 $146 ({Predecessor:} 13. Rad1 Rc8 14. d5 Na5 15. Qa3 Bf6 16. Bxf6 exf6 17. Rfe1 Rc5 18. Qe3 Re8 19. Qf4 Nc4 20. Bxc4 Rxc4 21. h4 f5 22. Qh6 Rcxe4 23. Rxe4 fxe4 24. Ng5 Qf6 25. Qxh7+ Kf8 26. d6 {½-½ (26) Ringoir,T (2527)-Korley,K (2453) Charlotte 2018}) 13... Nb4 14. Qd2 (14. Qb3 $5 {[%cal Rb3b4]} Qd6 15. Rac1 $14) 14... Na6 {White is slightly better.} 15. Rab1 Nc5 16. Qe3 f6 17. Bh4 $1 e6 ({Black should try} 17... Qd7 $14) 18. dxe6 $16 Qe7 19. Nd4 Bxe4 20. Rbd1 $1 g5 21. Bf3 (21. Bc4 $1 $16) 21... Bxf3 $14 22. Qxf3 f5 $1 ({Much weaker is} 22... gxh4 $6 23. Nf5 $16) 23. Nc6 Qxe6 24. Bxg5 Ne4 {[#]} (24... Rae8 $1 $11 {keeps the balance.}) 25. Nd8 $1 $16 {[%cal Rd8e6]} Qxa2 26. Be7 Re8 {[#]} 27. Bh4 $1 Rf8 28. Rd7 Rc8 (28... Qc4 $142 29. Be7 Raxd8 30. Bxd8 Nc5 31. Qd5+ (31. Rxa7 Rxd8 32. Qxf5 Rf8 $11) 31... Qxd5 32. Rxd5 Bf6) 29. Be7 $18 Nf6 $2 (29... Rcxd8 {was necessary.} 30. Bxd8 Rf7) 30. Bxf6 {White is clearly winning.} Bxf6 31. Qxf5 {[%csl Gd7][%cal Rf5h7]} Bg7 {[#]} (31... Be7 $142 32. Qg4+ Kh8) 32. Rxg7+ $1 {[%mdl 576] Discovered Attack. Accuracy: White = 66%, Black = 32%.} 1-0

[Event "9th HDBank Open 2019"]
[Site "Ho Chi Minh City"]
[Date "2019.03.13"]
[Round "9.25"]
[White "Fenil, Shah"]
[Black "Bulmaga, Irina"]
[Result "0-1"]
[WhiteElo "2360"]
[BlackElo "2424"]
[Annotator "TA"]
[PlyCount "56"]
[EventDate "2019.03.07"]
[EventType "swiss"]
[EventCountry "VIE"]
[SourceTitle "playchess.com"]
[Source "ChessBase"]
[SourceQuality "1"]

{[%evp 14,56,16,12,8,10,17,31,37,27,35,41,30,-1,-32,-148,-209,-211,-202,-215,-122,-206,-212,-654,-647,-1178,-1178,-2191,-2090,-29978,-140,-29979,-29980,-29980,-29981,-29981,-29967,-5397,-1588,-29996,-29995,-29996,-29997,-29997,-29998]} 1. e4 e5 2. Bc4 Nf6 3. d3 Nc6 4. Nf3 Bc5 5. O-O d6 6. c3 a6 7. Bb3 Ba7 8. Nbd2 h6 {C54: Giuoco Piano: 4 c3 Nf6, main lines with 5 d4 and 5 d3} 9. Re1 g5 10. Nc4 g4 {White is slightly better.} 11. Nfd2 h5 12. Nf1 h4 (12... b5 13. Nce3 h4 14. Bd5 Nxd5 15. exd5 Ne7 16. Nxg4 Bxg4 17. Qxg4 {0-1 (55) Amin,B (2710)-Fedoseev,V (2719) St Petersburg 2018}) 13. d4 g3 $146 ({Predecessor:} 13... h3 14. g3 b5 15. dxe5 bxc4 16. Ba4 {0-1 (34) Shen,A (2339)-Balakrishnan,P (2226) Kitchener 2015}) 14. hxg3 ({Better is} 14. fxg3 $15 exd4 15. e5 dxc3+ 16. Be3 cxb2 17. Nxb2 Bxe3+ 18. Nxe3 dxe5 19. Qxd8+ Kxd8 20. gxh4) 14... hxg3 $17 15. Nxg3 {And now Bg5 would win.} Ng4 $1 16. Qf3 Rh7 (16... Qh4 $19 17. Nxd6+ cxd6 18. Qxf7+ Kd8) 17. Ne3 {[#]} (17. Ba4 $17) 17... Qh4 $1 $40 {[%mdl 128] White is in trouble.} 18. Nd5 $2 (18. Bd1 Nxe3 19. fxe3) 18... exd4 {aiming for ...d3!} 19. Nxc7+ Kd8 20. Nxa8 Nce5 21. Qf4 Qh2+ 22. Kf1 {[#]} d3 $1 23. Qg5+ f6 24. Qg8+ Ke7 25. Qxh7+ Qxh7 26. Nc7 Nh2+ {Black mates.} 27. Kg1 {[#]} Nef3+ $1 {[%mdl 512]} 28. gxf3 Nxf3+ {[%mdl 64] Double Attack. Accuracy: White = 37%, Black = 68%.} 0-1

[Event "9th HDBank Open 2019"]
[Site "Ho Chi Minh City"]
[Date "2019.03.13"]
[Round "9.26"]
[White "Dimakiling, Oliver"]
[Black "Vo, Thi Kim Phung"]
[Result "0-1"]
[WhiteElo "2423"]
[BlackElo "2349"]
[Annotator "TA"]
[PlyCount "94"]
[EventDate "2019.03.07"]
[EventType "swiss"]
[EventCountry "VIE"]
[SourceTitle "playchess.com"]
[Source "ChessBase"]
[SourceQuality "1"]

{[%evp 9,93,-10,0,-27,-24,-27,-23,-31,-17,-71,-56,-57,-66,-90,-45,-82,-66,-84,-78,-77,-43,-114,-97,-108,-89,-127,0,0,0,2,8,0,-3,-7,-5,-68,-72,-80,-87,-180,-107,-182,-156,-150,-151,-169,-158,-191,-187,-181,-148,-145,-120,-154,-61,-156,-18,-496,0,-661,-662,-755,-715,-715,-612,-704,0,-1268,-1090,-29967,-29969,-29979,-29978,-5961,-666,-29976,-387,-898,-870,-29988,-29989,-29997,-429,-29998,-29999,-29999]} 1. c4 e6 2. Nf3 d5 3. e3 Nf6 4. Nc3 Be7 5. Be2 (5. b3 O-O 6. Bb2 dxc4 7. Bxc4 c5 8. h4 a6 9. Qb1 b5 10. Be2 Bb7 11. Ng5 Nbd7 12. Bf3 Bxf3 13. Nxf3 Rc8 14. Ne2 {0-1 (59) Nepomniachtchi,I (2763)-Yu,Y (2764) St Petersburg 2018}) 5... c5 6. d3 {A17: English Opening: 1...Nf6 with ...Bb4} Nc6 7. O-O d4 $146 ({Predecessor:} 7... O-O 8. Re1 a6 9. a3 b6 10. b3 Bd6 11. Bb2 Qc7 12. g3 h6 {½-½ (52) Simmons,E (806)-Hughes,C (714) LSS email 2010}) 8. exd4 {Black has an edge.} cxd4 9. Nb1 (9. Na4 $11 {keeps the balance.}) 9... e5 10. Re1 O-O $36 {[%mdl 2048] Black has good play.} 11. Bf1 h6 12. h3 Bd6 13. Na3 Nd7 14. Nc2 f5 15. Rb1 (15. c5 $15 Nxc5 16. b4) 15... a5 $1 $17 16. b3 Qf6 17. a3 e4 (17... b6 $17 18. Bb2 Bb7) 18. dxe4 $11 fxe4 19. Rxe4 {[%cal Rc2d4]} Nc5 20. Rxd4 (20. Re1 $5 {[%cal Rc2d4]}) 20... Nxd4 21. Ncxd4 {[#]} Bxh3 $1 {[%mdl 512]} 22. Be3 (22. b4 $11 axb4 23. axb4) (22. gxh3 Qg6+) 22... Bg4 $1 $15 23. Qc2 Bf4 24. b4 (24. Bxf4 $17 {keeps fighting.} Qxf4 25. Re1) 24... axb4 ({Black should play} 24... Bxe3 $19 25. fxe3 Ne6) 25. axb4 (25. Bxf4 $17 {was worth a try.} b3 26. Nxb3 Qxf4 27. Nxc5 Bxf3 28. Ne6) 25... Bxe3 $1 $19 26. fxe3 Ne6 $1 27. c5 Nxd4 ({Much less strong is} 27... Bxf3 28. Nxf3 Kh8 29. Qe4 $17) 28. Nxd4 Qe5 29. Qd2 Rad8 30. Rc1 Qg3 31. b5 Rfe8 (31... Kh8 $17 {aiming for ...Rd5.} 32. c6 bxc6 33. bxc6 Rd5) 32. Rc3 {[#]} (32. c6 $15) 32... Re5 ({Black should try} 32... Kh8 $1 $17 {White must now prevent ...Rf8.} 33. c6 bxc6 34. bxc6 Rf8) 33. c6 $2 {[%mdl 8192]} (33. Qa2+ $11 {and White stays safe.} Kf8 34. c6 bxc6 35. bxc6) 33... bxc6 $2 (33... Rh5 $19 34. Qa2+ Kh8) 34. bxc6 $2 {[%mdl 8192]} (34. e4 $11 Qh4 35. Qa2+ Kh7 36. Nxc6) 34... Rh5 35. Qa2+ Kh8 36. Qf7 Qh2+ 37. Kf2 {[#] intending c7.} Qd6 $2 ({Better is} 37... Rxd4 $1 $19 {[%mdl 512]} 38. exd4 Rf5+ 39. Qxf5 Bxf5) 38. Ke1 $2 {[%mdl 8192]} (38. c7 $11 Rc8 39. Bd3) 38... Rf8 39. Qc4 Rh1 40. Nf3 Qg3+ 41. Kd2 Qf2+ (41... Bxf3 $142 42. gxf3 Rd8+ 43. Kc2 Rh2+ 44. Kb3 Rb8+ 45. Qb5 Qe5 46. Qxb8+ Qxb8+ 47. Kc4 Rb2) 42. Be2 Qxg2 $2 (42... Bxf3 {mates} 43. gxf3 Rd8+ 44. Kc2 Qe1 45. Kb3 Qb1+ 46. Ka4 Ra8+ 47. Qa6 Qa2+ 48. Kb4 Rxa6 49. Bxa6 Qxa6 50. e4 Qb6+ 51. Kc4 Rd1 52. Rd3 Rc1+ 53. Kd5 Qd8+ 54. Ke5 Rc5+ 55. Ke6 Rxc6+ 56. Ke5 Qg5+ 57. Kd4 Qc5#) 43. Nd4 $2 (43. c7 h5 44. Rb3) 43... Qf2 {( -> ...Qe1+)} 44. c7 Qe1+ 45. Kc2 Qb1+ 46. Kd2 {[#]} Rd1+ $1 {[%mdl 512]} 47. Bxd1 Qxd1# {Accuracy: White = 22%, Black = 52%.} 0-1

[Event "9th HDBank Open 2019"]
[Site "Ho Chi Minh City"]
[Date "2019.03.13"]
[Round "9.27"]
[White "Saravana, Krishnan P."]
[Black "Le, Quang Long"]
[Result "0-1"]
[WhiteElo "2352"]
[BlackElo "2412"]
[Annotator "TA"]
[PlyCount "118"]
[EventDate "2019.03.07"]
[EventType "swiss"]
[EventCountry "VIE"]
[SourceTitle "playchess.com"]
[Source "ChessBase"]
[SourceQuality "1"]

{[%evp 9,118,9,9,9,18,9,12,11,11,11,11,12,28,12,19,5,17,20,28,24,29,20,25,31,29,-8,0,-4,0,-25,0,-18,-24,-32,-18,-30,-39,-38,-32,-131,-89,-100,-112,-111,-71,-78,-26,-40,-24,-72,-25,-72,-75,-70,-61,-73,-75,-58,-50,-62,-29,-57,-32,-118,-73,-88,-80,-71,-33,-22,-13,-12,-10,-37,-18,-131,-83,-172,-69,-72,-62,-255,-88,-86,-93,-84,-86,-100,-100,-204,-183,-317,-262,-892,-885,-875,-867,-857,-845,-823,-695,-1543,-1947,-5385,-4625,-29987,-5069,-29991,-29992,-29993,-1048]} 1. e4 c6 2. d4 d5 3. Nc3 dxe4 4. Nxe4 Bf5 5. Nc5 Nd7 6. Bd3 {B18: Classical Caro-Kann: 4...Bf5 sidelines} Bxd3 7. Nxd3 e6 8. Qe2 {The position is equal.} (8. Nf3 Ngf6 9. O-O Be7 10. c4 c5 11. b3 O-O 12. Bb2 cxd4 13. Bxd4 {½-½ (46) Sevian,S (2641)-Shimanov,A (2620) Saint Louis 2018}) 8... Bd6 9. Nf3 Ne7 10. O-O Ng6 $146 ({Predecessor:} 10... O-O 11. b3 Ng6 12. Bb2 Qa5 13. a4 {0-1 (46) Voicu Jagodzinsky,C (2346)-Saltaev,M (2495) Dortmund 2010}) 11. Ng5 O-O 12. g3 Be7 13. h4 h6 14. Ne4 Re8 15. Rd1 Nf6 16. Nxf6+ Bxf6 17. Nc5 e5 18. dxe5 Qe7 19. Be3 Nxe5 20. Kg2 b6 21. Ne4 c5 22. c4 Nc6 23. Nxf6+ Qxf6 24. Re1 (24. b3 $15) 24... Qf5 {White must now prevent ...Nd4.} 25. Rac1 Rad8 26. Qc2 Qg4 27. f3 Qc8 (27... Qd7 $1 $17 {...Nb4 is the strong threat.} 28. a3 Ne5) 28. Bf2 Nb4 29. Rxe8+ Rxe8 30. Qd2 Rd8 31. Qe2 Qd7 32. a3 Nd3 33. Rc2 Re8 34. Qd2 Qf5 35. Rc3 Rd8 36. Bg1 ({White should try} 36. b4 $15) 36... g5 $36 {[%mdl 2048] White is under strong pressure.} 37. hxg5 hxg5 {And now ...Nf4+! would win.} 38. Qe2 Kg7 39. b4 a5 40. bxa5 bxa5 41. Rb3 Rd6 42. Bh2 (42. a4 $11) 42... a4 43. Rc3 {[#]} (43. g4 $17 {was the only defense.} Nf4+ 44. Bxf4 Qxf4 45. Re3) 43... Qd7 (43... g4 $1 $19 {[%cal Rg4f3][%mdl 512]} 44. fxg4 Qd7) 44. g4 $15 Rd4 45. Be5+ $2 (45. Rc2 $15) 45... f6 $2 (45... Nxe5 $19 {has better winning chances.} 46. Qxe5+ f6) 46. Bg3 $17 Ne5 {aiming for ...Rd2.} 47. Rc2 ({Don't go for} 47. Bxe5 $2 Rd2 $19) 47... Ng6 48. Qe3 Kf7 49. Qe1 (49. Kf2 $17) 49... Qb7 $19 50. Kf2 (50. Rd2 $142) 50... Rd3 $1 {[%csl LRa3,LRf3]} 51. Qh1 $2 (51. Qe2 Rxa3 52. Qd1) 51... Kg7 52. Re2 Rxa3 53. Bd6 Qc6 54. Bg3 Rd3 55. Rb2 a3 56. Rb5 Qd7 {( -> ...Rd2+)} 57. Qb1 a2 (57... Rd2+ $142 58. Kf1 a2 59. Qe4 a1=Q+ 60. Be1 Qdd4 61. Rb7+ Kh6 62. Qxd4 cxd4 63. f4 Nxf4 64. Rf7 Re2 65. Rxf6+ Kg7 66. Rf7+ Kxf7 67. Kg1 Qxe1#) 58. Qa1 Rd2+ 59. Ke1 Rd1+ {Accuracy: White = 33%, Black = 55%.} (59... Qd3 $142 60. Rb7+ Kh6 61. Re7 {[%mdl 64] Decoy} Nxe7 62. Qxf6+ Ng6 63. Qxg5+ {[%mdl 64] Remove Defender} Kxg5 64. f4+ Kxg4 65. Bf2 a1=Q#) 0-1

[Event "9th HDBank Open 2019"]
[Site "Ho Chi Minh City"]
[Date "2019.03.13"]
[Round "9.28"]
[White "Nitin, S.."]
[Black "Nguyen, Thi Thanh An"]
[Result "1-0"]
[WhiteElo "2408"]
[BlackElo "2245"]
[Annotator "RC"]
[PlyCount "75"]
[EventDate "2019.03.07"]
[EventType "swiss"]
[EventCountry "VIE"]
[SourceTitle "playchess.com"]
[Source "ChessBase"]
[SourceQuality "1"]
[TimeControl "5400+30"]

1. e4 {[%emt 0:00:06]} c5 {[%emt 0:00:00]} 2. Nf3 {[%emt 0:00:18]} d6 {[%emt 0:05:50]} 3. d4 {[%emt 0:00:13]} cxd4 {[%emt 0:00:05]} 4. Nxd4 {[%emt 0:00:20]} Nf6 {[%emt 0:00:09]} 5. Nc3 {[%emt 0:00:06]} a6 {[%emt 0:00:05]} 6. Be3 {[%emt 0:00:07]} g6 {[%emt 0:00:06]} 7. f3 {[%emt 0:01:05]} Bg7 {[%emt 0:00:12]} 8. Qd2 {[%emt 0:00:09]} h5 {[%emt 0:00:11]} 9. O-O-O {[%emt 0:00:26]} Nbd7 {[%emt 0:00:09]} 10. Kb1 {[%emt 0:01:37]} b5 {[%emt 0:00:46]} 11. g3 {[%emt 0:04:39]} Bb7 {[%emt 0:00:47]} 12. h3 {[%emt 0:02:36]} Qc7 {[%emt 0:01:14]} 13. Nb3 {[%emt 0:02:56]} Rc8 {[%emt 0:04:32]} 14. Bd3 {[%emt 0:04:08]} Ne5 {[%emt 0:11:01]} 15. Qf2 {[%emt 0:01:04]} Nc4 {[%emt 0:05:43]} 16. Bxc4 {[%emt 0:00:10]} bxc4 {[%emt 0:00:05]} 17. Bb6 {[%emt 0:04:15]} Qb8 {[%emt 0:00:11]} 18. Nc1 {[%emt 0:00:18]} Bc6 {[%emt 0:08:57]} 19. Bd4 {[%emt 0:09:15]} Qb7 {[%emt 0:05:09]} 20. g4 {[%emt 0:02:36]} e5 {[%emt 0:04:32]} 21. Be3 {[%emt 0:06:00]} Rb8 {[%emt 0:00:42]} 22. b3 {[%emt 0:00:09]} O-O {[%emt 0:12:43]} 23. Rxd6 {[%emt 0:02:36]} Rfc8 {[%emt 0:00:08]} 24. Rhd1 {[%emt 0:03:56]} hxg4 {[%emt 0:03:33]} 25. hxg4 {[%emt 0:00:06]} a5 {[%emt 0:00:16]} 26. Qh4 {[%emt 0:05:08]} Ne8 {[%emt 0:05:19]} 27. R6d2 {[%emt 0:00:55]} Qb4 {[%emt 0:05:16]} 28. Rh2 {[%emt 0:00:16]} cxb3 {[%emt 0:00:09]} 29. axb3 {[%emt 0:02:25]} Qxc3 {[%emt 0:00:35]} 30. Bh6 {[%emt 0:00:28]} f6 {[%emt 0:01:09]} 31. Bxg7 {[%emt 0:01:31]} Nxg7 {[%emt 0:00:14]} 32. Qxf6 {[%emt 0:05:18]} Rf8 {[%emt 0:09:16]} 33. Qxg6 {[%emt 0:00:36]} Be8 {[%emt 0:01:43]} 34. Qh7+ {[%emt 0:01:42]} Kf7 {[%emt 0:00:06]} 35. Rh5 {[%emt 0:01:25]} Rb6 {[%emt 0:05:04]} 36. Rg5 {[%emt 0:01:37]} Rg8 {[%emt 0:00:39]} 37. Rf5+ {[%emt 0:00:11]} Ke7 {[%emt 0:00:41]} 38. Qh4+ {[%emt 0:00:10]} 1-0

[Event "9th HDBank Open 2019"]
[Site "Ho Chi Minh City"]
[Date "2019.03.13"]
[Round "9.29"]
[White "Rahul Srivatshav P"]
[Black "Gomes, Mary Ann"]
[Result "1/2-1/2"]
[WhiteElo "2400"]
[BlackElo "2312"]
[Annotator "TA"]
[PlyCount "148"]
[EventDate "2019.03.07"]
[EventType "swiss"]
[EventCountry "VIE"]
[SourceTitle "playchess.com"]
[Source "ChessBase"]
[SourceQuality "1"]

{[%evp 23,148,29,35,15,22,22,17,14,17,17,43,48,41,42,33,36,35,43,46,18,13,16,28,16,30,18,20,11,15,0,0,0,0,0,14,0,0,0,0,0,6,0,23,23,45,0,0,0,0,0,0,0,0,0,0,0,0,0,12,10,11,11,11,11,8,11,13,0,15,8,8,8,14,14,136,141,238,225,352,335,454,444,431,400,429,406,365,379,500,457,774,758,879,856,844,845,844,844,668,647,607,0,0,0,0,0,0,0,0,0,0,0,0,0,0,0,0,0,0,0,0,0,0,0,0,0,0]} 1. Nf3 Nf6 2. c4 e6 3. Nc3 c5 4. g3 b6 5. Bg2 Bb7 6. b3 Nc6 7. O-O Be7 8. Bb2 O-O 9. d4 Nxd4 10. Nxd4 Bxg2 11. Kxg2 cxd4 12. Qxd4 Qc7 13. Qe3 {A30: Symmetrical English: Double Fianchetto and Hedgehog} (13. Rad1 Rfd8 14. Qf4 Qxf4 15. gxf4 a6 16. a4 Nh5 17. Kf3 f5 18. Rd3 Nf6 19. Rfd1 Ra7 20. e4 {½-½ (20) Andriasian,Z (2624)-Melkumyan,H (2620) Yerevan 2012}) 13... a6 14. a4 Rfd8 15. Rfd1 Qc6+ 16. Qf3 {[#]} Ne8 $146 ({Predecessor:} 16... Rac8 17. Rd3 d6 18. Rad1 Nd7 19. Ne4 Nc5 20. Re3 Nxe4 {½-½ (20) Martinez Duany,L (2494)-Andres Gonzalez,A (2518) San Sebastian 2017}) 17. Rd2 Bg5 18. e3 Bf6 19. Rad1 Qxf3+ 20. Kxf3 d6 21. Ne4 Bxb2 22. Rxb2 Kf8 23. Nc3 Rac8 24. e4 Ke7 25. Ke3 Nf6 26. Rbd2 Ng4+ 27. Ke2 Ne5 28. f4 Nc6 29. Ke3 Na5 30. Rb1 h5 31. Kd3 g6 32. Kc2 f5 33. Re1 {exf5 is the strong threat.} Kf7 34. Kb2 Nb7 35. Red1 Ke7 36. Re1 Kf7 37. Rde2 Nc5 {White must now prevent ...Nd3+.} 38. Re3 Re8 39. Rd1 {aiming for exf5.} Red8 40. h3 Rd7 41. g4 Nxe4 42. Nxe4 fxe4 43. Rxe4 hxg4 44. hxg4 $11 {[%mdl 4096] Endgame KRR-KRR} Rh8 45. Rde1 Rh4 46. Rxe6 Rxg4 47. R6e4 Kf6 48. Rd4 Kf5 (48... Rd8 $11) 49. Re8 $1 $16 {[%cal Re8f8]} Rg2+ {[#]} (49... Rb7 $16 50. Rxd6 Rxf4) 50. Ka3 $1 $18 Rf7 (50... Rb7 $142 51. Rxd6 Rg1) 51. Rb8 ({Not} 51. Rxd6 Kxf4 52. Rxb6 a5 $18) 51... Rf2 52. Rxb6 Rxf4 53. Rdxd6 g5 54. Rd5+ Kg4 55. Rxa6 Rg7 56. c5 Kf3 (56... Rf8 $142 57. Rd1 Kg3) 57. c6 g4 58. Rd7 Rxd7 59. cxd7 {KR-KR} Rd4 60. Rf6+ Ke3 61. Rg6 Kf3 {[#]} 62. Rg7 $2 ({Only move:} 62. b4 $1 $18 Rxd7 63. b5) 62... g3 $11 {The position is equal.} 63. a5 g2 64. a6 {Threatening mate with a7.} Rxd7 $1 {[#]} 65. Rxg2 $1 {[%mdl 512]} Kxg2 {KR-KPP} 66. b4 Rd1 67. b5 Rb1 68. Ka4 {Hoping for Ka5.} Kf3 69. Ka5 {Strongly threatening b6.} Ke4 70. a7 Ra1+ 71. Kb6 Kd5 72. Kb7 Kc5 73. a8=Q Rxa8 74. Kxa8 Kxb5 {Accuracy: White = 66%, Black = 57%.} 1/2-1/2